000
00238nam a2200097Ia 4500
001
1056197
005
20250827001356.0
008
250824s9999 xx 000 0 und d
245
0
_a
GÖKKURT
_c
ÇAĞLAYAN YILMAZ
260
_b
PANAMA YAYINLARI
999
_c
1056197
_d
1056197